Health and Ecology (Record no. 358822)

MARC details
000 -LEADER
fixed length control field 00541 a2200217 4500
005 - DATE & TIME
control field 20250213164119.0
008 - FIXED-LENGTH DATA ELEMENTS--GENERAL INFORMATION
fixed length control field 250213b |||||||| |||| 00| 0 eng d
020 ## - ISBN
International Standard Book Number 9789383101511
Price Rs. 1995.00
040 ## - CATALOGING SOURCE
Original cataloging agency VIVEKANANDA LIBRARY
082 ## - DDC NUMBER
Classification number 363.7
Book Number K528H
100 ## - MAIN ENTRY--PERSONAL NAME
Personal name Khopkar, Dinesh
245 ## - TITLE STATEMENT
Title Health and Ecology
260 ## - PUBLICATION, DISTRIBUTION, ETC. (IMPRINT)
Name of publisher, distributor, etc Agrotech Press
Date of publication, distribution, etc 2024
Place of publication, distribution, etc Jaipur
300 ## - PHYSICAL DESCRIPTION
Pages 264
650 ## - Subject
Subject Health and Food
650 ## - Subject
Subject Healthy Lifestyle
650 ## - Subject
Subject Ecology
650 ## - Subject
Subject Health Planning
650 ## - Subject
Subject Ecology and Health
942 ## - ADDED ENTRY ELEMENTS (KOHA)
Koha item type Books
Holdings
Withdrawn status Lost status Source of classification or shelving scheme Damaged status Not for loan Location (home branch) Sublocation or collection (holding branch) Shelving location Date acquired Koha issues (times borrowed) Koha full call number Accession No. Koha date last seen Koha item type
    Dewey Decimal Classification     VIVEKANANDA LIBRARY VIVEKANANDA LIBRARY Vivekananda Library 23/12/2024   363.7 K528H 394666 23/12/2024 Books
    Dewey Decimal Classification     VIVEKANANDA LIBRARY VIVEKANANDA LIBRARY Vivekananda Library 08/01/2025   363.7 K528H 441474 08/01/2025 Books
© Designed and Maintained by Vivekananda Library, MDU Rohtak